<?xml version="1.0" encoding="UTF-8"?><?xml-stylesheet type="text/xsl" href="static/style.xsl"?><OAI-PMH xmlns="http://www.openarchives.org/OAI/2.0/" xmlns:xsi="http://www.w3.org/2001/XMLSchema-instance" xsi:schemaLocation="http://www.openarchives.org/OAI/2.0/ http://www.openarchives.org/OAI/2.0/OAI-PMH.xsd"><responseDate>2026-04-13T01:34:57Z</responseDate><request verb="GetRecord" identifier="oai:www.recercat.cat:2117/189328" metadataPrefix="marc">https://recercat.cat/oai/request</request><GetRecord><record><header><identifier>oai:recercat.cat:2117/189328</identifier><datestamp>2025-07-17T16:13:42Z</datestamp><setSpec>com_2072_1033</setSpec><setSpec>col_2072_452951</setSpec></header><metadata><record xmlns="http://www.loc.gov/MARC21/slim" xmlns:dcterms="http://purl.org/dc/terms/" xmlns:xsi="http://www.w3.org/2001/XMLSchema-instance" xmlns:doc="http://www.lyncode.com/xoai" xsi:schemaLocation="http://www.loc.gov/MARC21/slim http://www.loc.gov/standards/marcxml/schema/MARC21slim.xsd">
   <leader>00925njm 22002777a 4500</leader>
   <datafield ind2=" " ind1=" " tag="042">
      <subfield code="a">dc</subfield>
   </datafield>
   <datafield ind2=" " ind1=" " tag="720">
      <subfield code="a">Ferrer Olivella, Ricard</subfield>
      <subfield code="e">author</subfield>
   </datafield>
   <datafield ind2=" " ind1=" " tag="260">
      <subfield code="c">2008-01</subfield>
   </datafield>
   <datafield ind2=" " ind1=" " tag="520">
      <subfield code="a">Aquest projecte té per objectiu la rehabilitació d’ús de la finca en qüestió, d’un habitatge entre mitgeres, situat al carrer Sant Quintí núm. 4, de Torrelles de Foix (Barcelona).&#xd;
Aquest habitatge està constituït en el nucli urbà, compost de planta baixa més 2 , el que es pretén, és la rehabilitació total i canvi d’ús per la no utilització de la mateixa. Respon a les anomenades cases de poble entre dues parets paral·leles que suporten el sostre de bigues o el fet amb volta. L’amplada de la crugia tradicional en les masies i les cases de cos és l’ adequada per tal que les bigues no fimbregin o l’empenta de les voltes sigui moderada per no haver de fer contraforts en els murs.&#xd;
Usualment l’amplada de la crugia o cos era de 25 pams si bé s’admet que l’amplada pot estar compresa entre els&#xd;
20 o els 30 pams Aquest habitatge, respon a la tipologia de les cases de poble per les seves característiques funcionals i arquitectòniques en qüestió.&#xd;
D’ara en davant, farem referència de la següent forma a les zones de la finca segons els mòduls a on es trobin les estances o parts esmentades:&#xd;
El que es pretén fer en aquest projecte és l’aprofitament de l’espai ampli d’aquesta vivenda convertint-la en apartaments amb tots els serveis per a joves de la comarca i del poble que es vulguin independitzar.&#xd;
Em vaig plantejar aquest projecte des de el punt de vista de la continua demanda de més habitatges amb un cost econòmic moderat.&#xd;
M’ha enriquit molt en el sentit de conèixer nous materials ara obsolets, però que ens podem trobar en el dia a dia com per exemple la paret de tàpia. Aquest ,es un material bastant interessant donat que la majoria de cases de poble i cases pairals son construïdes amb aquest sistema constructiu; parets robustes i llums que oscilen entre 2,3m i 4,5m. També es destaquen per ens seus revoltons, ja siguin de fusta o amb encofrat de guix.</subfield>
   </datafield>
   <datafield tag="653" ind2=" " ind1=" ">
      <subfield code="a">Àrees temàtiques de la UPC::Edificació::Rehabilitació d'edificis</subfield>
   </datafield>
   <datafield tag="653" ind2=" " ind1=" ">
      <subfield code="a">Apartment houses</subfield>
   </datafield>
   <datafield tag="653" ind2=" " ind1=" ">
      <subfield code="a">Buildings -- Repair and reconstruction</subfield>
   </datafield>
   <datafield tag="653" ind2=" " ind1=" ">
      <subfield code="a">Cases de pisos -- Catalunya -- Torrelles de Foix</subfield>
   </datafield>
   <datafield tag="653" ind2=" " ind1=" ">
      <subfield code="a">Edificis -- Remodelació -- Catalunya -- Torrelles de Foix</subfield>
   </datafield>
   <datafield ind2="0" ind1="0" tag="245">
      <subfield code="a">Projecte de rehabilitació i canvi d'ús d'un habitatge en xamfrà</subfield>
   </datafield>
</record></metadata></record></GetRecord></OAI-PMH>